Teaching Methods in Physical Education / (Record no. 102588)
[ view plain ]
| 000 -LEADER | |
|---|---|
| fixed length control field | 00971nam a22002537a 4500 |
| 005 - DATE AND TIME OF LATEST TRANSACTION | |
| control field | 20180301144150.0 |
| 010 ## - LCCN (DPL NO) | |
| LC control number | 1617EN ENG-117573 |
| 020 ## - INTERNATIONAL STANDARD BOOK NUMBER | |
| International Standard Book Number | 9788175247482 |
| Terms of availability | 700.00 |
| 035 ## - SYSTEM CONTROL NUMBER | |
| System control number | B-652737-742 |
| 035 ## - SYSTEM CONTROL NUMBER | |
| System control number | B-667647 |
| 035 ## - SYSTEM CONTROL NUMBER | |
| System control number | EN-101105 |
| 037 ## - SOURCE OF ACQUISITION | |
| Source of stock number/acquisition | KKP |
| 037 ## - SOURCE OF ACQUISITION | |
| Source of stock number/acquisition | DBAD/PUB |
| 082 ## - DEWEY DECIMAL CLASSIFICATION NUMBER | |
| Classification number | 796.07 |
| 100 ## - MAIN ENTRY--PERSONAL NAME | |
| Personal name | Kulbeer Singh |
| 245 ## - TITLE STATEMENT | |
| Title | Teaching Methods in Physical Education / |
| Statement of responsibility, etc | by Kulbeer Singh [and] Jaswinder Singh |
| 260 ## - PUBLICATION, DISTRIBUTION, ETC. (IMPRINT) | |
| Place of publication, distribution, etc | New Delhi |
| Name of publisher, distributor, etc | Khel Sahitya Kendra |
| Date of publication, distribution, etc | 2016 |
| 270 ## - ADDRESS | |
| Address | 7/26, Ansari Road, Darya Ganj |
| City | New Delhi |
| Postal code | 110002 |
| 300 ## - PHYSICAL DESCRIPTION | |
| Extent | 224p. |
| Other physical details | 22cm(HB) |
| 700 ## - ADDED ENTRY--PERSONAL NAME | |
| Personal name | Jaswinder Singh |
| 942 ## - ADDED ENTRY ELEMENTS (KOHA) | |
| Source of classification or shelving scheme | Dewey Decimal Classification |
| Item type | English Books |
| Classification part | 796.07 |
| Call number suffix | KUL |
| Withdrawn status | Lost status | Not for loan | Collection code | Home library | Current library | Date acquired | Source of acquisition | Cost, normal purchase price | Full call number | Barcode | Copy number | Cost, replacement price | Koha item type |
|---|---|---|---|---|---|---|---|---|---|---|---|---|---|
| Non-fiction | Ashok Vihar | Ashok Vihar | 01/03/2018 | KKP/276/24.2.2017/458/15.2.2017/17.3.2017 | 700.00 | 796.07 KUL | B-667647 | 1 | 700.00 | English Books | |||
| Non-fiction | Central Library | Central Library | 22/02/2017 | BPPD/EN/2016-17/292/24.11.16/BL192/26.11.16/4.1.17 | 700.00 | 796.07 KUL | B-652737 | 1 | 700.00 | English Books | |||
| Not For Loan | Non-fiction | D.B.Act.Division | D.B.Act.Division | 24/03/2017 | DBAD/PUB | 700.00 | 796.07 KUL | EN-101105 | 1 | 700.00 | English Books | ||
| Non-fiction | Janak Puri | Janak Puri | 22/02/2017 | BPPD/EN/2016-17/292/24.11.16/BL192/26.11.16/4.1.17 | 700.00 | 796.07 KUL | B-652741 | 1 | 700.00 | English Books | |||
| Non-fiction | Kasturba Gandhi Marg | Kasturba Gandhi Marg | 22/02/2017 | BPPD/EN/2016-17/292/24.11.16/BL192/26.11.16/4.1.17 | 700.00 | 796.07 KUL | B-652740 | 1 | 700.00 | English Books | |||
| Non-fiction | New Police Line | New Police Line | 22/02/2017 | BPPD/EN/2016-17/292/24.11.16/BL192/26.11.16/4.1.17 | 700.00 | 796.07 KUL | B-652738 | 1 | 700.00 | English Books | |||
| Non-fiction | Patel Nagar | Patel Nagar | 22/02/2017 | BPPD/EN/2016-17/292/24.11.16/BL192/26.11.16/4.1.17 | 700.00 | 796.07 KUL | B-652739 | 1 | 700.00 | English Books | |||
| Non-fiction | Shahdara Branch | Shahdara Branch | 22/02/2017 | BPPD/EN/2016-17/292/24.11.16/BL192/26.11.16/4.1.17 | 700.00 | 796.07 KUL | B-652742 | 1 | 700.00 | English Books |
